000 00370nam a2200157Ia 4500
001 19109
003 Ost
005 20260507155700.0
008 251113s9999||||xx |||||||||||||| ||eng||
040 _cnitttr
041 _aeng
082 _a620.106
_bK96F
100 _aKumar, D. S.
245 0 _aFluid mechanics and fluid power engineering /
_cKumar, D. S.
942 _cBK
999 _c18944
_d18944